| 000 | 00770nam a2200181 a 4500 | ||
|---|---|---|---|
| 001 | 000042414 | ||
| 005 | 20201002040135.0 | ||
| 008 | 131128s1950 sp ac r 000 0 spa d | ||
| 040 |
_aDO-SdBNP _bspa _cBNPHU |
||
| 082 |
_axxxx _bxxxx |
||
| 100 | 1 |
_aBlancafort, Rosario _969539 |
|
| 245 | 1 | 0 |
_a¡A misiones! : _bdiario de las primeras misioneras, Carmelitas de la Caridad / _cM. Rosario Blancafort, De S. Estanislao, C. de la C. ; prólogo del Rdo. P. Ignacio Ortiz de Urbina, S. J. ; Viñetas de J. Solá. |
| 260 |
_aBarcelona, España : _bInstituto de Hermanas Carmelitas de la Caridad, _c1950. |
||
| 300 |
_a272 p. : _bil., retrs. ; _c19 cm. |
||
| 590 | _aInventariado, 2019/BT | ||
| 700 | 1 | 2 |
_aEstanislao, De S. _969540 |
| 700 | 1 | 2 |
_aOrtiz de Urbina, Ignacio, _epról. _967443 |
| 999 |
_c41903 _d41903 |
||